logo

Bir Sreshtho Munshi Abdur Rouf Library
Jhenaidah Cadet College

Constitutional law of Bangladesh / (Record no. 12433)

MARC details
000 -LEADER
fixed length control field 00655nam a2200241 a 4500
001 - CONTROL NUMBER
JCCL Control Number 12433
003 - CONTROL NUMBER IDENTIFIER
JCCL marc code BD-JhCC
005 - DATE AND TIME OF LATEST TRANSACTION
control field 20220216091056.0
008 - FIXED-LENGTH DATA ELEMENTS--GENERAL INFORMATION
fixed length control field 220216s19952020bg |||| |||| 000 0 eng d
020 ## - INTERNATIONAL STANDARD BOOK NUMBER
International Standard Book Number 984320101264
035 ## - SYSTEM CONTROL NUMBER
system control number (BD-JhCC)12433
040 ## - CATALOGING SOURCE
Original cataloging agency BD-JhCC
Modifying agency BD-JhCC
041 ## - LANGUAGE CODE
Language code of Book eng
082 ## - DEWEY DECIMAL CLASSIFICATION NUMBER
Classification number 342.5492023
Author mark and Year ISL 2020
100 ## - MAIN ENTRY--PERSONAL NAME
Personal name Islam, Mahmudul
245 ## - TITLE STATEMENT
Title Constitutional law of Bangladesh /
Statement of responsibility, etc Mahmudul Islam
250 ## - EDITION STATEMENT
Edition statement 3rd ed.
260 ## - PUBLICATION, DISTRIBUTION, ETC. (IMPRINT)
Place of publication, distribution, etc Dhaka :
Name of publisher, distributor, etc Mullick Brothers,
Date of publication, distribution, etc 2020.
300 ## - PHYSICAL DESCRIPTION
Pagination 1140 p. :
Dimensions 23 cm.
500 ## - GENERAL NOTE
General note Includes Index and Bibliography
650 ## - SUBJECT ADDED ENTRY--TOPICAL TERM
Topical term or geographic name as entry element Constitutional law
Geographic subdivision Bangladesh
942 ## - ADDED ENTRY ELEMENTS (KOHA)
Source of classification or shelving scheme Dewey Decimal Classification
Koha item type Books
Holdings
Source of classification or shelving scheme Damaged status Not for loan Home library Current library Shelving location Date of accession Cost, normal purchase price Total Checkouts Full call number Barcode Date last seen Date checked out Copy number Koha item type
Dewey Decimal Classification     JCC Rouf Library JCC Rouf Library General Stacks 06/01/2021 1200.00 2 342.5492023 ISL 2020 16679 09/26/2023 09/19/2023 C-1 Books

JCC Library | Contacts | JCC Home

Last Update on 23 September 2017
Copyright @ 2017-2020 JCC Rouf Library
Rouf Library, Jhenidah Cadet College (JCC), Bangladesh